Conhecimentos Gerais Sobre Futebol! - Statistics

Estatísticas Gerais
  • Esse quiz foi jogado 501 vezes
  • A pontuação média é 6 de 15
Estatísticas das Respostas
Questão Resposta % Correto
Qual Time é o maior campeão da Liga dos Campeões da CAF? Al-Ahly
79%
Qual seleção Foi Campeã da Eurocopa e Hoje não existe mais? União Sovietica e Tchecoslovaquia
71%
Qual o Estado com mais Títulos da Copa do Nordeste? Bahia
60%
Qual Jogador Ganhou Eurocopa e Jogou no Goiás? Rafael Tolói
51%
Qual time foi o Campeão do Campeonato Espanhol de 1999-00? Deportivo La Coruña
44%
Quantos Vices de Copa do Mundo tem a Inglaterra? 0
43%
Quem é o Maior artilheiro da História da Premier League? Alan Shearer
43%
Quem é o Maior Artilheiro da História da CONMEBOL Libertadores? Alberto Spencer
39%
Qual time foi Campeão da Libertadores de 1966? Peñarol
36%
Qual Time foi Vice campeão da Champions League em 1959-60? Eintracht Frankfurt
34%
Quem é o Jogador com Mais títulos de Copa América? Ángel Romano
32%
Qual Time Ganhou a Série B do Brasileirão em 1989? Bragantino-SP
30%
Qual jogador tem mais Cartões Vermelhos na História? Gerardo Bedoya
19%
Quem é o maior Artilheiro da História da Europa League? Pierre-Emerick Aubameyang
19%
Quem é o treinador com mais títulos de Copa do Mundo? Vittorio Pozzo
8%
Nenhum quiz correspondente encontrado
Distribuição das Pontuações
Porcentagem de Pessoas com Cada Pontuação
Percentil de Números Respondidos
Sua Pontuação Histórica
Você não jogou esse quiz